[Event "South Wales Autumn op"]
[Site "Newport"]
[Date "2019.11.17"]
[Round "5"]
[White "Denham, Colin"]
[Black "Payan, Juan C"]
[Result "0-1"]
[WhiteElo "1656"]
[BlackElo "1791"]
[PlyCount "118"]
[EventDate "2019.11.15"]
[EventType "swiss"]
[EventRounds "5"]
[EventCountry "WLS"]
[SourceTitle "EXT 2022"]
[Source "ChessBase"]
[SourceDate "2021.10.06"]
[SourceVersion "1"]
[SourceVersionDate "2021.10.06"]
[SourceQuality "1"]

1. Nf3 d5 2. d4 Nf6 3. Bf4 Bf5 4. e3 e6 5. Nbd2 Bd6 6. Bxd6 Qxd6 7. c4 0-0 8. c5 Qe7 9. b4 b6 10. a3 c6 11. Ne5 b5 12. Nb3 Nfd7 13. Nf3 e5 14. Be2 e4 15. Nh4 Qxh4 16. g4 Bg6 17. Kd2 f5 18. gxf5 Rxf5 19. f4 exf3 20. Bxf3 Qf2+ 21. Be2 Rf3 22. Qg1 Qxg1 23. Rhxg1 Rf2 24. h3 Bh5 25. Rae1 Nf6 26. Nc1 a5 27. Nd3 Ne4+ 28. Kc2 Rxe2+ 29. Rxe2 Bxe2 30. Nf4 Bc4 31. Ne6 g6 32. h4 axb4 33. h5 bxa3 34. hxg6 hxg6 35. Nc7 Ra7 36. Nxb5 Bxb5 37. Rxg6+ Kh7 38. Rg1 a2 39. Ra1 Nd7 40. Kb3 Ndf6 41. Rh1+ Kg6 42. Ra1 Ng4 43. Kb2 Bc4 44. Kc1 Rf7 45. Kb2 Rf1 46. Rxf1 Bxf1 47. Kxa2 Bb5 48. Kb3 Nxe3 49. Kb2 Nf5 50. Kc2 Nxd4+ 51. Kd1 Ne6 52. Kc2 N6xc5 53. Kd1 Kf5 54. Kc2 Ke5 55. Kd1 Kd4 56. Kc2 Ba4+ 57. Kc1 Kc3 58. Kb1 d4 59. Ka1 d3 0-1

[Event "South Wales Autumn op"]
[Site "Newport"]
[Date "2019.11.17"]
[Round "4"]
[White "Morgans, Justin"]
[Black "Denham, Colin"]
[Result "1/2-1/2"]
[WhiteElo "1657"]
[BlackElo "1656"]
[PlyCount "72"]
[EventDate "2019.11.15"]
[EventType "swiss"]
[EventRounds "5"]
[EventCountry "WLS"]
[SourceTitle "EXT 2022"]
[Source "ChessBase"]
[SourceDate "2021.10.06"]
[SourceVersion "1"]
[SourceVersionDate "2021.10.06"]
[SourceQuality "1"]

1. e4 e6 2. d4 d5 3. Nd2 Nc6 4. c3 Nge7 5. e5 a6 6. Bd3 b5 7. Ngf3 Ng6 8. Nb3 Bd7 9. 0-0 Be7 10. Be3 0-0 11. Qe2 Qb8 12. Rfc1 Bc8 13. Ng5 Bxg5 14. Bxg5 Nce7 15. Qh5 f6 16. exf6 gxf6 17. Bh6 Rf7 18. Nc5 c6 19. Re1 Qd6 20. Re3 e5 21. Bxg6 hxg6 22. Rg3 Bf5 23. Bd2 Rh7 24. Qe2 e4 25. a4 Bc8 26. axb5 cxb5 27. Be3 Kf7 28. Qd2 Rh4 29. f4 Nf5 30. Rf1 Nxg3 31. hxg3 Rh5 32. Qe2 f5 33. Kf2 Ra7 34. b4 Kf6 35. Ra1 Rhh7 36. Ra5 Qd8 1/2-1/2

[Event "West Wales op"]
[Site "Swansea"]
[Date "2019.10.12"]
[Round "3"]
[White "Guy, David T"]
[Black "Denham, Colin"]
[Result "1/2-1/2"]
[WhiteElo "1891"]
[BlackElo "1656"]
[PlyCount "55"]
[EventDate "2019.10.11"]
[EventType "swiss"]
[EventRounds "5"]
[EventCountry "WLS"]
[SourceTitle "EXT 2022"]
[Source "ChessBase"]
[SourceDate "2021.10.06"]
[SourceVersion "1"]
[SourceVersionDate "2021.10.06"]
[SourceQuality "1"]

1. e4 e6 2. d4 d5 3. Nc3 dxe4 4. Nxe4 Nd7 5. Nf3 Ngf6 6. Bd3 Nxe4 7. Bxe4 Nf6 8. Bd3 c5 9. c3 cxd4 10. Nxd4 Bc5 11. Nb3 Be7 12. 0-0 Bd7 13. Bg5 Qc7 14. Qe2 h6 15. Bxf6 Bxf6 16. Bb5 Bc6 17. Rfd1 0-0 18. Bxc6 Qxc6 19. Rd3 Rfd8 20. Rad1 Rxd3 21. Rxd3 Rd8 22. Rxd8+ Bxd8 23. Qd3 Bb6 24. g3 Qa4 25. Nc1 Qc6 26. Nb3 Qa4 27. Nc1 Qc6 28. Nb3 1/2-1/2

[Event "South Wales New Year op"]
[Site "Bridgend"]
[Date "2019.01.05"]
[Round "2"]
[White "Denham, Colin"]
[Black "Pleasants, Allan J"]
[Result "0-1"]
[WhiteElo "1645"]
[BlackElo "2080"]
[PlyCount "51"]
[EventDate "2019.01.04"]
[EventType "swiss"]
[EventRounds "5"]
[EventCountry "WLS"]
[SourceTitle "EXT 2020"]
[Source "ChessBase"]
[SourceDate "2019.10.17"]
[SourceVersion "1"]
[SourceVersionDate "2019.10.17"]
[SourceQuality "1"]

1. Nf3 Nf6 2. d4 d6 3. Bf4 g6 4. Nbd2 Bg7 5. c3 0-0 6. e4 Nc6 7. Qc2 Qe8 8. d5 Nb8 9. Bd3 Nbd7 10. Nb3 e6 11. dxe6 fxe6 12. Bg3 Nh5 13. 0-0-0 Nf4 14. Bxf4 Rxf4 15. Kb1 a6 16. Rde1 b5 17. h4 c5 18. c4 bxc4 19. Bxc4 Nb6 20. Re2 Nxc4 21. Qxc4 a5 22. Qd3 Ba6 23. Qxd6 Rxf3 24. gxf3 Bxe2 25. Qxc5 Bxf3 26. Qe3 0-1

[Event "Dyfed op 47th"]
[Site "Fishguard"]
[Date "2018.02.18"]
[Round "5"]
[White "Denham, Colin"]
[Black "Andrews, Norman G"]
[Result "1/2-1/2"]
[WhiteElo "1653"]
[BlackElo "1642"]
[PlyCount "70"]
[EventDate "2018.02.16"]
[EventType "swiss"]
[EventRounds "5"]
[EventCountry "WLS"]
[SourceTitle "EXT 2020"]
[Source "ChessBase"]
[SourceDate "2019.10.17"]
[SourceVersion "1"]
[SourceVersionDate "2019.10.17"]
[SourceQuality "1"]

1. e4 c5 2. Nf3 g6 3. d4 cxd4 4. Nxd4 Nc6 5. Nxc6 bxc6 6. Bc4 Nf6 7. Nc3 e5 8. a3 Bg7 9. 0-0 Qc7 10. Qe2 0-0 11. Kh1 Nxe4 12. Bxf7+ Rxf7 13. Nxe4 d5 14. Ng3 a5 15. Re1 a4 16. Rb1 Ba6 17. Qd2 Qb6 18. f3 Raf8 19. Qb4 Qc7 20. Qxa4 Bb5 21. Qb4 Bc4 22. Qc5 Rb8 23. b3 Ba6 24. Qg1 Bc8 25. a4 c5 26. Ba3 c4 27. b4 Ra8 28. a5 Qc6 29. c3 Ba6 30. Bb2 Bb5 31. Ne2 Qd7 32. Rbd1 Ba4 33. Ra1 Bb5 34. Rad1 Ba4 35. Ra1 Bb5 1/2-1/2

[Event "West Wales op"]
[Site "Swansea"]
[Date "2017.11.17"]
[Round "1"]
[White "Jones, Ian Robert"]
[Black "Denham, Colin"]
[Result "1-0"]
[WhiteElo "2000"]
[BlackElo "1643"]
[PlyCount "79"]
[EventDate "2017.11.17"]
[EventType "swiss"]
[EventRounds "5"]
[EventCountry "WLS"]
[SourceTitle "EXT 2020"]
[Source "ChessBase"]
[SourceDate "2019.10.17"]
[SourceVersion "1"]
[SourceVersionDate "2019.10.17"]
[SourceQuality "1"]

1. e4 e6 2. d4 d5 3. Nc3 Bb4 4. Nge2 dxe4 5. a3 Bxc3+ 6. Nxc3 Nf6 7. Bg5 h6 8. Bxf6 Qxf6 9. Nxe4 Qe7 10. Qh5 Nd7 11. 0-0-0 Nf6 12. Qe5 Nxe4 13. Qxe4 c6 14. Bd3 Bd7 15. f4 0-0-0 16. Kb1 g6 17. Rhe1 Qf6 18. c4 g5 19. Rf1 g4 20. Qe3 Qg7 21. Bc2 f5 22. d5 exd5 23. cxd5 b6 24. dxc6 Bxc6 25. Bxf5+ Kb7 26. Be4 Qf6 27. Bxc6+ Qxc6 28. Rxd8 Rxd8 29. Qe7+ Qc7 30. Qxc7+ Kxc7 31. Kc2 Re8 32. Kd3 Kd6 33. Rf2 Re6 34. f5 Rf6 35. Ke4 h5 36. Kf4 Rf7 37. Kg5 Rh7 38. f6 Rh8 39. f7 Ke7 40. f8Q+ 1-0

[Event "EU-Cup 32nd"]
[Site "Novi Sad"]
[Date "2016.11.10"]
[Round "5.6"]
[White "Denham, Colin"]
[Black "Dixon, Chris"]
[Result "1/2-1/2"]
[WhiteElo "1653"]
[BlackElo "1785"]
[PlyCount "74"]
[EventDate "2016.11.06"]
[EventType "team-swiss"]
[EventRounds "7"]
[EventCountry "SRB"]
[SourceTitle "CBM 176"]
[Source "ChessBase"]
[SourceDate "2017.01.17"]
[SourceVersion "1"]
[SourceVersionDate "2017.01.17"]
[SourceQuality "1"]
[WhiteTeam "Cardigan"]
[BlackTeam "Abergavenny"]
[WhiteTeamCountry "WLS"]
[BlackTeamCountry "WLS"]

1. e4 d6 2. d4 Nf6 3. Nc3 g6 4. Nf3 Bg7 5. Be2 0-0 6. 0-0 e6 7. Bd2 h6 8. Re1 Nc6 9. a3 e5 10. dxe5 dxe5 11. Rb1 Qe7 12. Nd5 Qd6 13. Nxf6+ Qxf6 14. b4 Bg4 15. h3 Bxf3 16. Bxf3 Nd4 17. Be3 Rfd8 18. Bxd4 Rxd4 19. Qe2 Qc6 20. Red1 Rad8 21. Rxd4 Rxd4 22. Rd1 Qc3 23. Rd3 Rxd3 24. Qxd3 Qxd3 25. cxd3 Kf8 26. Kf1 Ke7 27. Bd1 Kd7 28. b5 Bf8 29. a4 Bc5 30. Bb3 f6 31. f3 g5 32. g4 Kd6 33. Ke2 Bd4 34. Bd5 b6 35. Bb3 c6 36. Bc4 cxb5 37. Bxb5 Kc5 1/2-1/2

[Event "EU-Cup 32nd"]
[Site "Novi Sad"]
[Date "2016.11.08"]
[Round "3.6"]
[White "Denham, Colin"]
[Black "Berntsen Oybo, August"]
[Result "0-1"]
[WhiteElo "1653"]
[BlackElo "1974"]
[PlyCount "82"]
[EventDate "2016.11.06"]
[EventType "team-swiss"]
[EventRounds "7"]
[EventCountry "SRB"]
[SourceTitle "CBM 176"]
[Source "ChessBase"]
[SourceDate "2017.01.17"]
[SourceVersion "1"]
[SourceVersionDate "2017.01.17"]
[SourceQuality "1"]
[WhiteTeam "Cardigan"]
[BlackTeam "Oslo SK 1911"]
[WhiteTeamCountry "WLS"]
[BlackTeamCountry "NOR"]

1. e4 c5 2. Nf3 Nc6 3. Nc3 d6 4. d4 cxd4 5. Nxd4 Nf6 6. a4 g6 7. h3 Bg7 8. Nxc6 bxc6 9. Bd3 a5 10. Rb1 0-0 11. 0-0 Nd7 12. Bd2 Nc5 13. b3 Nxd3 14. cxd3 Ba6 15. Qc2 e6 16. Ne2 c5 17. Bc3 e5 18. Rfd1 f5 19. f3 f4 20. Be1 g5 21. Rd2 h5 22. Kh1 Rf6 23. Ng1 Bc8 24. Rb2 Be6 25. Qd1 Rg6 26. g4 fxg3 27. Bxg3 g4 28. hxg4 hxg4 29. Rh2 Ra7 30. Bh4 Bf6 31. Bxf6 Qxf6 32. fxg4 Bxg4 33. Qe1 Bf3+ 34. Nxf3 Qxf3+ 35. Rbg2 Rag7 36. Qg1 Rxg2 37. Rxg2 Kh8 38. Qf2 Rh7+ 39. Kg1 Qd1+ 40. Qf1 Rh1+ 41. Kxh1 Qxf1+ 0-1